书目信息 |
| 题名: |
天学真原
|
|
| 作者: | 江晓原 著 | |
| 分册: | ||
| 出版信息: | 上海 上海交通大学出版社 2017.12 |
|
| 页数: | 21, 327页 | |
| 开本: | 23cm | |
| 丛书名: | ||
| 单 册: | ||
| 中图分类: | P1-092 | |
| 科图分类: | ||
| 主题词: | 天文学史--tian wen xue shi--研究--中国--古代 | |
| 电子资源: | ||
| ISBN: | 978-7-313-17243-3 | |
| 000 | 00986nam0 2200253 450 | |
| 001 | 0109110232 | |
| 005 | 20201109110340.0 | |
| 010 | @a978-7-313-17243-3@b精装@dCNY78.00 | |
| 100 | @a20181129e20192017em y0chiy50 ea | |
| 101 | 0 | @achi |
| 102 | @aCN@b310000 | |
| 105 | @ay z 001yy | |
| 106 | @ar | |
| 200 | 1 | @a天学真原@Atian xue zhen yuan@f江晓原著 |
| 210 | @a上海@c上海交通大学出版社@d2017.12@h2019.08 | |
| 215 | @a21, 327页@d23cm | |
| 300 | @a二○一七年国家社会科学基金中华学术外译项目资助 | |
| 300 | @a江晓原作品集·甲编 | |
| 330 | @a本书是一部带有科学社会学和文化人类学色彩的专论,旨在揭示中国古代“天学”的政治性质、文化功能和社会角色——而所有这些都与现代的天文学毫无共同之处。在此基础上,本书对中国古代社会一系列以前不易理解或长期被误解的现象,给出了全新而富有说服力的解释。 | |
| 606 | 0 | @a天文学史@Atian wen xue shi@x研究@y中国@z古代 |
| 690 | @aP1-092@v5 | |
| 701 | 0 | @a江晓原@Ajiang xiao@4著 |
| 801 | 0 | @aCN@bBJSZM@c20201103 |
| 905 | @b1241427-30@dP1-092@e330@f4 | |
| 天学真原/江晓原著.-上海:上海交通大学出版社,2017.12(2019.08) |
| 21, 327页;23cm |
| 二○一七年国家社会科学基金中华学术外译项目资助.-江晓原作品集·甲编 |
| ISBN 978-7-313-17243-3(精装):CNY78.00 |
| 本书是一部带有科学社会学和文化人类学色彩的专论,旨在揭示中国古代“天学”的政治性质、文化功能和社会角色——而所有这些都与现代的天文学毫无共同之处。在此基础上,本书对中国古代社会一系列以前不易理解或长期被误解的现象,给出了全新而富有说服力的解释。 |
| ● |
| 相关链接 |
|
|
|
|
正题名:天学真原
索取号:P1-092/330
 
预约/预借
| 序号 | 登录号 | 条形码 | 馆藏地/架位号 | 状态 | 备注 |
| 1 | 1241427 | 212414270 | 第二样本阅览室/ [索取号:P1-092/330] | 在馆 | |
| 2 | 1241428 | 212414289 | 第三借阅区/ [索取号:P1-092/330] | 在馆 | |
| 3 | 1241429 | 212414298 | 第三借阅区/ [索取号:P1-092/330] | 在馆 | |
| 4 | 1241430 | 212414305 | 第三借阅区/ [索取号:P1-092/330] | 在馆 |